|
|
|
|
| LEADER |
00000nas a22000007a 4500 |
| 001 |
ssj0023430 |
| 003 |
WaSeSS |
| 005 |
20200512172242.0 |
| 006 |
m d |
| 007 |
cr n |
| 008 |
050614d19822004txuar pssb 0 a0eng c |
| 010 |
|
|
|a 2012203400
|
| 022 |
|
|
|a 2169-4125
|y 1057-6037
|
| 035 |
|
|
|a (WaSeSS)ssj0023430
|
| 040 |
|
|
|a OCLCS
|b eng
|c OCLCS
|d CUD
|d OCLCQ
|d DLC
|d OCLCO
|d OCLCQ
|d OCLCF
|d OCLCO
|d OCLCQ
|d VT2
|d WaSeSS
|
| 042 |
|
|
|a pcc
|a nsdp
|
| 050 |
|
4 |
|a PB1
|b .L56
|
| 082 |
1 |
0 |
|a 410
|2 15
|
| 082 |
0 |
4 |
|a 410/.5
|
| 130 |
0 |
|
|a Language and literature (San Antonio, Tex. : Online)
|
| 222 |
|
0 |
|a Language and literature
|b (San Antonio, Tex. Online)
|
| 245 |
1 |
0 |
|a Language and literature
|h [electronic resource].
|
| 246 |
1 |
8 |
|a LnL
|
| 260 |
|
|
|a San Antonio, Tex. :
|b Trinity University
|
| 310 |
|
|
|a Annual (irregular),
|b 1984-<1992>
|
| 321 |
|
|
|a Three no. a year,
|b 1982-1983
|
| 362 |
1 |
|
|a Print began with v. 7, 1-3; ceased with vol. 29 (2004).
|
| 506 |
|
|
|a License restrictions may limit access.
|
| 525 |
|
|
|a Has occasional special issues, with distinctive titles.
|
| 538 |
|
|
|a Mode of access: World Wide Web.
|
| 588 |
|
|
|a Description based on print version record.
|
| 650 |
|
0 |
|a Philology, Modern
|v Periodicals.
|
| 650 |
|
7 |
|a Philology, Modern.
|2 fast
|0 (OCoLC)fst01060716
|
| 655 |
|
0 |
|a Electronic journals.
|
| 776 |
1 |
|
|t Language and literature (San Antonio, Tex.)
|x 1057-6037
|w (DLC) 93660887
|w (OCoLC)9172304
|
| 780 |
0 |
0 |
|t Linguistics in literature
|
| 856 |
4 |
0 |
|z Full text available from Research Library: 01/01/2003 to 01/31/2004
|u https://search.proquest.com/publication/45929
|